Nicky Jam: El Ganador (Netflix) - Statistics

General Stats
  • This quiz has been taken 11 times
  • The average score is 12 of 17
Answer Stats
Hint Answer % Correct
Number of kids Nicky has 4
100%
Nicky Jam's country of birth United States
100%
The other "Cangri" Daddy Yankee
88%
Nicky Jam's mother's nationality Dominican
88%
Which familiar of Nicky took care of his rehabilitaiton? His Father
88%
Nicky Jam's favorite city in Colombia Medellin
88%
Famous Reggaeton singer who Nicky meets in Colombia J Balvin
75%
City in the U.S. where Nicky has a mansion Miami
75%
The video of this song features Nicky buying a mansion Travesuras
75%
Name of album released at the end of the show Fenix
63%
City to which Nicky and Yankee escaped when they wanted to kill them New York
63%
Nicky's famous line to open songs N I C K
63%
Drug to which Nicky was addicted Percocet
63%
Man who constantly plays with their beard Alejo
50%
Name of Nicky's Colombian manager Juan Diego
50%
Nicky Jam's favorite car Lambo
50%
Where was Nicky's first job? Supermarket
50%
No matching quizzes found
Score Distribution
Percent of People with Each Score
Percentile by Number Answered
Your Score History
You have not taken this quiz